| Tag |
First Indicator |
Second Indicator |
Subfields |
| LEADER |
00000cam a2200000 4500 |
| 001 |
in00000067904 |
| 005 |
20151008050828.0 |
| 008 |
720913s1965 nyu 00010 eng |
| 010 |
|
|
|a 65011530
|
| 035 |
|
|
|a (OCoLC)00405914
|
| 035 |
|
|
|9 AAG3659AM
|
| 040 |
|
|
|a DLC
|c WSU
|d TXA
|d UtOrBLW
|
| 049 |
|
|
|a TXAM
|c [1191672]
|
| 050 |
0 |
0 |
|a DK274
|b .S38
|
| 100 |
1 |
|
|a Shaffer, Harry G.
|
| 245 |
1 |
4 |
|a The Soviet system in theory and practice ;
|b selected Western and Soviet views /
|c Edited by Harry G. Shaffer.
|
| 264 |
|
1 |
|a New York :
|b Appleton-Century-Crofts,
|c [1965]
|
| 264 |
|
4 |
|c [©1965]
|
| 300 |
|
|
|a xxiii, 470 pages ;
|c 24 cm.
|
| 336 |
|
|
|a text
|b txt
|2 rdacontent
|
| 337 |
|
|
|a unmediated
|b n
|2 rdamedia
|
| 338 |
|
|
|a volume
|b nc
|2 rdacarrier
|
| 504 |
|
|
|a Bibliographical footnotes.
|
| 650 |
|
0 |
|a Communism
|z Soviet Union.
|
| 651 |
|
0 |
|a Soviet Union.
|
| 999 |
|
|
|a MARS
|
| 999 |
f |
f |
|s 1e010d38-9ae6-3835-a7f0-4b5f5983c1ee
|i 8781b477-f338-3a49-97ee-b07d36448759
|t 0
|
| 952 |
f |
f |
|p ric
|a Texas A&M University
|b Rellis Campus
|c Joint Library Facility
|d Remote Storage
|t 0
|e DK274 .S38
|h Library of Congress classification
|i unmediated -- volume
|m A14802007720
|
| 998 |
f |
f |
|a DK274 .S38
|t 0
|l Remote Storage
|